Movie Equations Quiz Stats

 Plays Quiz Updated Sep 26, 2018

Also try: Letter Equations
Challenge
Share
Tweet
Embed
Score 0/40 Timer 07:00
1 Play Today
Formula Film % Correct
101 D101 Dalmatians
82.7%
28 D 28 Days
78.6%
50 1st D50 First Dates
78.4%
48 H48 Hrs.
77.2%
2001: A S O2001: A Space Odyssey
73.1%
3:10 T Y3:10 To Yuma
71.6%
M O 34th SMiracle On 34th Street
71.5%
2 F 2 F2 Fast 2 Furious
67.8%
O 11Ocean's Eleven
66.3%
28 W L28 Weeks Later
66.1%
8 M8 Mile
64.7%
A T W I 80 DAround The World In Eighty Days
62.2%
T 6th SThe Sixth Sense
61.9%
G I 60 SGone In Sixty Seconds
60.5%
A 13Apollo 13
58.8%
T 40 Y O VThe 40 Year Old Virgin
58.7%
C 22Catch 22
57.5%
D 9District 9
53.4%
25th H25th Hour
52.9%
T 5th EThe Fifth Element
52.8%
Formula Film % Correct
12 MTwelve Monkeys
48%
3 M A A B3 Men And A Baby
47.2%
10 T I H A Y10 Things I Hate About You
46%
3 KThree Kings
44.6%
30 D O N30 Days Of Night
44.3%
16 CSixteen Candles
42.7%
21 G21 Grams
36.2%
4 W A A FFour Weddings And A Funeral
35%
T 10 CThe Ten Commandments
34.1%
T N 23The Number 23
31.7%
15 M15 Minutes
30.1%
1 F O T C NOne Flew Over The Cuckoo's Nest
29.9%
T W 9 YThe Whole Nine Yards
18.3%
T M 7The Magnificent Seven
16%
4 RFour Rooms
12.2%
S 17Stalag 17
10.8%
1 H POne Hour Photo
7.2%
6 D O SSix Degrees Of Separation
4.9%
L S A 2 S BLock, Stock And Two Smoking Barrels
3.4%
14 D T L14 Days To Life
1.5%

You're not logged in!

Compare scores with friends on all Sporcle quizzes.
OR
Log In

You Might Also Like...

Show Comments

Extras

Top Quizzes Today


Score Distribution

Your Account Isn't Verified!

In order to create a playlist on Sporcle, you need to verify the email address you used during registration. Go to your Sporcle Settings to finish the process.

Report this User

Report this user for behavior that violates our Community Guidelines.

Details: